Ultrasound of the Thyroid and Parathyroid Glands

This highly illustrated book, complete with comprehensive clinical references, annotated images, and clinical videos, will serve as a leading text to educate head and neck surgeons, endocrinologists, and radiologists on the basics and nuances of thyroid and parathyroid ultrasound. It emphasizes the...

Full description

Bibliographic Details
Corporate Author: SpringerLink (Online service)
Other Authors: Sofferman, Robert A. (Editor), Ahuja, Anil T. (Editor)
Format: Electronic eBook
Language:English
Published: New York, NY : Springer New York : Imprint: Springer, 2012.
Subjects:
Online Access:Full Text via HEAL-Link
LEADER 03008nam a22004935i 4500
001 978-1-4614-0974-8
003 DE-He213
005 20151204155600.0
007 cr nn 008mamaa
008 120207s2012 xxu| s |||| 0|eng d
020 |a 9781461409748  |9 978-1-4614-0974-8 
024 7 |a 10.1007/978-1-4614-0974-8  |2 doi 
040 |d GrThAP 
050 4 |a RF1-547 
072 7 |a MJP  |2 bicssc 
072 7 |a MED066000  |2 bisacsh 
082 0 4 |a 617.51  |2 23 
245 1 0 |a Ultrasound of the Thyroid and Parathyroid Glands  |h [electronic resource] /  |c edited by Robert A. Sofferman, Anil T. Ahuja. 
264 1 |a New York, NY :  |b Springer New York :  |b Imprint: Springer,  |c 2012. 
300 |a XII, 310 p. 369 illus., 149 illus. in color.  |b online resource. 
336 |a text  |b txt  |2 rdacontent 
337 |a computer  |b c  |2 rdamedia 
338 |a online resource  |b cr  |2 rdacarrier 
347 |a text file  |b PDF  |2 rda 
505 0 |a Section 01: History and Basic Concepts -- 1.The History of Clinical Ultrasound -- 2.Physics & Principles of Ultrasound -- 3.Practical Concepts of Ultrasound -- Section 02: Thyroid and Parathryoid Glands -- 4.Sonography of the Normal Thyroid -- 5.Benign Thyroid Conditions -- 6.Malignant Thyroid Conditions -- 7.Ultrasound Surveillance -- 8.Parathyroid Ultrasound -- 9.Fine Needle Aspiration Cytology -- Section 03: Lymph Nodes and the Neck -- 10.Lymph Nodes -- 11.Benign Clinical Conditions in the Adjacent Neck -- Section 04: New Advances in Applied Ultrasound -- 12.Thryoid Elsatography -- 13.Percutaneous Ethanol Injection for Thyroid and Parathyroid Disorders -- 14.Contrast Enhanced Ultrasound (CEUS) and Ultrasound-guided Minimally Invasive Therapy for the Diagnosis and Treatment of Focal Thyroid Lesions. 
520 |a This highly illustrated book, complete with comprehensive clinical references, annotated images, and clinical videos, will serve as a leading text to educate head and neck surgeons, endocrinologists, and radiologists on the basics and nuances of thyroid and parathyroid ultrasound. It emphasizes the use of ultrasound as an office-based modality by clinicians and radiologists who actively care for this special set of patients. This text uniquely combines the collaboration between a clinician/surgeon and radiologist who share their extensive experience in head and neck ultrasound. 
650 0 |a Medicine. 
650 0 |a Radiology. 
650 0 |a Endocrinology. 
650 0 |a Otorhinolaryngology. 
650 0 |a Otolaryngologic surgery. 
650 1 4 |a Medicine & Public Health. 
650 2 4 |a Otorhinolaryngology. 
650 2 4 |a Ultrasound. 
650 2 4 |a Endocrinology. 
650 2 4 |a Head and Neck Surgery. 
700 1 |a Sofferman, Robert A.  |e editor. 
700 1 |a Ahuja, Anil T.  |e editor. 
710 2 |a SpringerLink (Online service) 
773 0 |t Springer eBooks 
776 0 8 |i Printed edition:  |z 9781461409731 
856 4 0 |u http://dx.doi.org/10.1007/978-1-4614-0974-8  |z Full Text via HEAL-Link 
912 |a ZDB-2-SME 
950 |a Medicine (Springer-11650)